| 000 | 00526nam a2200181 a 4500 | ||
|---|---|---|---|
| 005 | 20140310182427.0 | ||
| 008 | 110930s19uu xx 00 eng d | ||
| 020 | _a9780470616338 | ||
| 050 |
_aTK 5105.888 _b.H895 2011 |
||
| 100 | _aHunt, Ben | ||
| 245 |
_aConvert! : _bdesigning web sites to increase traffic and conversion / _cBen Hunt. |
||
| 260 |
_aIndianapolis, IN : _bWiley Publishing, _c2011. |
||
| 300 |
_a288 p. : _bill. ; _c25 cm. |
||
| 521 | _aMC | ||
| 650 | _aWebsite | ||
| 942 |
_cBK _2lcc _kFOR |
||
| 999 |
_c13298 _d13298 |
||